The island of sea women : a novel /

A new novel from Lisa See, the New York Times bestselling author of The Tea Girl of Hummingbird Lane, about female friendship and family secrets on a small Korean island. Mi-ja and Young-sook, two girls living on the Korean island of Jeju, are best friends that come from very different backgrounds....

Full description

Bibliographic Details
Main Author: See, Lisa (Author)
Format: Book
Language:English
Published: New York : Scribner, [2019].
Edition:First Scribner hardcover edition.
Subjects:

MARC

Tag First Indicator Second Indicator Subfields
LEADER 00000cam a2200000 i 4500
001 in00004053161
005 20191104115410.0
008 181207t20192019nyu 000 1 eng
010 |a  2018058279 
035 |a (OCoLC)on1039368254 
040 |a DLC  |e rda  |c DLC 
020 |a 9781501154850  |q (hardback) 
020 |a 1501154850  |q (hardback) 
020 |a 9781501154867  |q (paperback) 
020 |a 1501154869  |q (paperback) 
020 |z 9781501154874  |q (ebook) 
020 |a 9781471183812  |q (international) 
020 |a 1471183815  |q (international) 
043 |a a-kr--- 
050 0 0 |a PS3569.E3334  |b I85 2019 
082 0 0 |a 813/.54  |2 23 
049 |a TXAM 
100 1 |a See, Lisa,  |e author. 
245 1 4 |a The island of sea women :  |b a novel /  |c by Lisa See. 
250 |a First Scribner hardcover edition. 
264 1 |a New York :  |b Scribner,  |c [2019]. 
264 4 |c ©2019. 
300 |a v, 374 pages ;  |c 24 cm. 
336 |a text  |b txt  |2 rdacontent 
337 |a unmediated  |b n  |2 rdamedia 
338 |a volume  |b nc  |2 rdacarrier 
520 |a A new novel from Lisa See, the New York Times bestselling author of The Tea Girl of Hummingbird Lane, about female friendship and family secrets on a small Korean island. Mi-ja and Young-sook, two girls living on the Korean island of Jeju, are best friends that come from very different backgrounds. When they are old enough, they begin working in the sea with their village's all-female diving collective, led by Young-sook's mother. As the girls take up their positions as baby divers, they know they are beginning a life of excitement and responsibility but also danger. Despite their love for each other, Mi-ja and Young-sook's differences are impossible to ignore. The Island of Sea Women is an epoch set over many decades, beginning during a period of Japanese colonialism in the 1930s and 1940s, followed by World War II, the Korean War and its aftermath, through the era of cell phones and wet suits for the women divers. Throughout this time, the residents of Jeju find themselves caught between warring empires. Mi-ja is the daughter of a Japanese collaborator, and she will forever be marked by this association. Young-sook was born into a long line of haenyeo and will inherit her mother's position leading the divers in their village. Little do the two friends know that after surviving hundreds of dives and developing the closest of bonds, forces outside their control will push their friendship to the breaking point. This beautiful, thoughtful novel illuminates a world turned upside down, one where the women are in charge, engaging in dangerous physical work and the men take care of the children. A classic Lisa See story, one of women's friendships and the larger forces that shape them, The Island of Sea Women introduces readers to the fierce and unforgettable female divers of Jeju Island and the dramatic history that shaped their lives. 
650 7 |a FICTION  |x Historical.  |2 bisacsh 
650 7 |a FICTION  |x Contemporary Women.  |2 bisacsh 
650 7 |a FICTION  |x Literary.  |2 bisacsh 
650 4 |a FICTION / Contemporary Women. 
650 0 |a Collaborationists  |x Family relationships  |v Fiction. 
650 0 |a Women divers  |v Fiction. 
650 0 |a Female friendship  |v Fiction. 
650 0 |a Family secrets  |v Fiction. 
650 0 |a World War, 1939-1945  |z Korea  |v Fiction. 
651 0 |a Cheju Island (Korea)  |v Fiction. 
651 0 |a Korea  |x History  |y Japanese occupation, 1910-1945  |v Fiction. 
651 0 |a Korea (South)  |x History  |v Fiction. 
945 |b 959701 
947 |a A14850759326 
948 |a cataloged  |b h  |c 2019/11/4  |d c  |e dmitchel  |f 11:50:30 am 
994 |a 92  |b TXA 
999 f f |s 8c0b531b-fb92-3518-a825-c04a08744a5b  |i 4070a4e7-3a20-357a-8716-ced5fa24d01b  |t 0 
952 f f |p normal  |a Texas A&M University  |b College Station  |c Sterling C. Evans Library  |d Evans: Library Stacks  |t 0  |e PS3569.E3334 I85 2019  |h Library of Congress classification  |i unmediated -- volume  |m A14850759326 
998 f f |a PS3569.E3334 I85 2019  |t 0  |l Evans: Library Stacks